[Event "European Women's Championship"]
[Site "Vysoke Tatry"]
[Date "2018.04.18"]
[Round "10"]
[White "Huda, Maryana"]
[Black "Trippold, Denise"]
[Result "1-0"]
[Board "65"]
[WhiteElo "2161"]
[WhiteTitle "WGM"]
[WhiteCountry "UKR"]
[WhiteFideId "14116553"]
[WhiteEloChange "7"]
[BlackElo "2067"]
[BlackTitle "WFM"]
[BlackCountry "AUT"]
[BlackFideId "1625594"]
[BlackEloChange "-7"]

1. d4 {[%clk 1:30:59]} Nf6 {[%clk 1:30:52]} 2. c4 {[%clk 1:31:24]} b6 {[%clk
1:31:14]} 3. Nc3 {[%clk 1:31:35]} Bb7 {[%clk 1:31:17]} 4. Nf3 {[%clk 1:24:14]} g6
{[%clk 1:27:57]} 5. Bf4 {[%clk 1:21:39]} Bg7 {[%clk 1:26:50]} 6. e3 {[%clk
1:21:30]} O-O {[%clk 1:26:26]} 7. Be2 {[%clk 1:21:36]} Ne4 {[%clk 1:21:21]} 8.
Nxe4 {[%clk 1:16:26]} Bxe4 {[%clk 1:20:29]} 9. O-O {[%clk 1:16:46]} c5 {[%clk
1:19:20]} 10. Be5 {[%clk 1:14:02]} d6 {[%clk 1:14:41]} 11. Bxg7 {[%clk 1:14:06]}
Kxg7 {[%clk 1:15:09]} 12. Qd2 {[%clk 1:11:05]} Nd7 {[%clk 1:13:05]} 13. Ng5
{[%clk 0:58:47]} Bb7 {[%clk 1:12:49]} 14. d5 {[%clk 0:58:39]} e5 {[%clk 1:06:10]}
15. f4 {[%clk 0:55:14]} Qe7 {[%clk 0:59:47]} 16. Rae1 {[%clk 0:38:14]} Rae8
{[%clk 0:55:38]} 17. Bd1 {[%clk 0:37:02]} h6 {[%clk 0:50:36]} 18. Nh3 {[%clk
0:36:13]} Nf6 {[%clk 0:45:28]} 19. Ba4 {[%clk 0:35:21]} Rd8 {[%clk 0:44:48]} 20.
fxe5 {[%clk 0:28:30]} dxe5 {[%clk 0:32:27]} 21. e4 {[%clk 0:26:56]} a6 {[%clk
0:32:39]} 22. Qc3 {[%clk 0:21:48]} Bc8 {[%clk 0:23:26]} 23. Nf2 {[%clk 0:21:51]}
Bd7 {[%clk 0:20:23]} 24. Bxd7 {[%clk 0:20:45]} Rxd7 {[%clk 0:20:52]} 25. Nd3
{[%clk 0:20:58]} Re8 {[%clk 0:21:09]} 26. a3 {[%clk 0:20:20]} a5 {[%clk 0:19:16]}
27. b3 {[%clk 0:16:52]} Rc7 {[%clk 0:17:44]} 28. Re2 {[%clk 0:16:38]} Qd6 {[%clk
0:16:15]} 29. Rb1 {[%clk 0:15:32]} Nd7 {[%clk 0:16:23]} 30. Rf1 {[%clk 0:11:33]}
Nf6 {[%clk 0:15:37]} 31. Nb2 {[%clk 0:08:59]} Ree7 {[%clk 0:14:49]} 32. Na4
{[%clk 0:07:47]} Rb7 {[%clk 0:13:28]} 33. Qd3 {[%clk 0:07:17]} Ne8 {[%clk
0:12:08]} 34. Nc3 {[%clk 0:07:09]} Nc7 {[%clk 0:12:13]} 35. Ref2 {[%clk 0:06:50]}
Rd7 {[%clk 0:03:17]} 36. h4 {[%clk 0:03:32]} h5 {[%clk 0:03:14]} 37. a4 {[%clk
0:02:21]} Rb8 {[%clk 0:02:57]} 38. Qh3 {[%clk 0:02:40]} Re7 {[%clk 0:02:27]} 39.
Qe3 {[%clk 0:02:19]} Qd7 {[%clk 0:01:34]} 40. Qg5 {[%clk 0:32:07]} Kg8 {[%clk
0:30:47]} 41. Rf3 {[%clk 0:31:34]} Kh7 {[%clk 0:16:27]} 42. Qxe7 {[%clk 0:31:04]}
Qxe7 {[%clk 0:16:31]} 43. Rxf7+ {[%clk 0:31:30]} 1-0

[Event "European Women's Championship"]
[Site "Vysoke Tatry"]
[Date "2018.04.18"]
[Round "10"]
[White "Slaba, Andrea"]
[Black "Cosman, Andreea-Marioara"]
[Result "0-1"]
[Board "66"]
[WhiteElo "1924"]
[WhiteCountry "SVK"]
[WhiteFideId "14940680"]
[WhiteEloChange "-4"]
[BlackElo "2141"]
[BlackTitle "WFM"]
[BlackCountry "ROU"]
[BlackFideId "1217968"]
[BlackEloChange "4"]

1. d4 {[%clk 1:30:58]} Nf6 {[%clk 1:30:53]} 2. c4 {[%clk 1:31:22]} c5 {[%clk
1:31:19]} 3. d5 {[%clk 1:31:44]} e6 {[%clk 1:31:44]} 4. Nc3 {[%clk 1:31:56]} exd5
{[%clk 1:32:08]} 5. cxd5 {[%clk 1:32:17]} d6 {[%clk 1:32:31]} 6. e4 {[%clk
1:32:21]} g6 {[%clk 1:32:51]} 7. Bd3 {[%clk 1:32:19]} Bg7 {[%clk 1:33:14]} 8. h3
{[%clk 1:32:12]} O-O {[%clk 1:33:37]} 9. Nf3 {[%clk 1:32:34]} Nh5 {[%clk
1:34:02]} 10. O-O {[%clk 1:30:14]} Nd7 {[%clk 1:33:48]} 11. Be3 {[%clk 1:26:26]}
Re8 {[%clk 1:29:43]} 12. Qc2 {[%clk 1:20:47]} Ne5 {[%clk 1:10:53]} 13. Nxe5
{[%clk 1:20:12]} Bxe5 {[%clk 1:11:15]} 14. f4 {[%clk 1:09:39]} Bg7 {[%clk
1:08:52]} 15. Rf3 {[%clk 1:05:30]} c4 {[%clk 0:42:55]} 16. Bxc4 {[%clk 1:02:41]}
f5 {[%clk 0:41:35]} 17. e5 {[%clk 0:55:28]} dxe5 {[%clk 0:38:36]} 18. fxe5 {[%clk
0:55:53]} Bxe5 {[%clk 0:36:29]} 19. Rd1 {[%clk 0:50:53]} Bd6 {[%clk 0:27:10]} 20.
Bf2 {[%clk 0:47:01]} a6 {[%clk 0:27:31]} 21. a4 {[%clk 0:45:22]} Bd7 {[%clk
0:27:54]} 22. Ba2 {[%clk 0:30:30]} Qg5 {[%clk 0:24:59]} 23. h4 {[%clk 0:25:46]}
Qf6 {[%clk 0:21:15]} 24. Qd2 {[%clk 0:22:04]} Qe5 {[%clk 0:18:00]} 25. Kf1 {[%clk
0:21:35]} b5 {[%clk 0:14:26]} 26. Re1 {[%clk 0:18:49]} Qg7 {[%clk 0:11:23]} 27.
Rxe8+ {[%clk 0:17:26]} Rxe8 {[%clk 0:11:47]} 28. axb5 {[%clk 0:17:08]} axb5
{[%clk 0:11:40]} 29. Ne2 {[%clk 0:14:39]} Ra8 {[%clk 0:11:23]} 30. Bb1 {[%clk
0:12:27]} Ra1 {[%clk 0:10:16]} 31. Qc2 {[%clk 0:12:28]} f4 {[%clk 0:09:53]} 32.
Nd4 {[%clk 0:12:43]} Ng3+ {[%clk 0:08:49]} 33. Kg1 {[%clk 0:12:30]} Qf6 {[%clk
0:05:37]} 34. Bxg3 {[%clk 0:05:09]} Qxd4+ {[%clk 0:05:15]} 35. Bf2 {[%clk
0:05:27]} Qf6 {[%clk 0:04:22]} 36. h5 {[%clk 0:02:47]} Bf5 {[%clk 0:04:21]} 37.
Rd3 {[%clk 0:02:17]} Bxd3 {[%clk 0:04:25]} 0-1

[Event "European Women's Championship"]
[Site "Vysoke Tatry"]
[Date "2018.04.18"]
[Round "10"]
[White "Zpevakova, Jana"]
[Black "Leite Oralova, Catarina"]
[Result "1-0"]
[Board "67"]
[WhiteElo "2106"]
[WhiteCountry "CZE"]
[WhiteFideId "334030"]
[WhiteEloChange "11"]
[BlackElo "2134"]
[BlackTitle "WIM"]
[BlackCountry "POR"]
[BlackFideId "1901222"]
[BlackEloChange "-11"]

1. d4 {[%clk 1:30:58]} Nf6 {[%clk 1:30:48]} 2. c4 {[%clk 1:31:24]} e6 {[%clk
1:31:10]} 3. Nf3 {[%clk 1:31:40]} Bb4+ {[%clk 1:31:20]} 4. Nbd2 {[%clk 1:30:59]}
O-O {[%clk 1:14:34]} 5. a3 {[%clk 1:28:50]} Bxd2+ {[%clk 1:14:53]} 6. Qxd2 {[%clk
1:28:33]} Ne4 {[%clk 1:11:19]} 7. Qc2 {[%clk 1:27:18]} f5 {[%clk 1:11:29]} 8. g3
{[%clk 1:25:20]} d6 {[%clk 1:05:19]} 9. Bg2 {[%clk 1:20:17]} a5 {[%clk 1:05:16]}
10. b3 {[%clk 1:16:33]} Nd7 {[%clk 1:02:29]} 11. h4 {[%clk 1:10:52]} c5 {[%clk
0:49:13]} 12. Bb2 {[%clk 1:05:47]} b6 {[%clk 0:38:16]} 13. Ng5 {[%clk 1:01:50]}
Ndf6 {[%clk 0:30:59]} 14. Nxe4 {[%clk 0:57:46]} Nxe4 {[%clk 0:27:49]} 15. Bxe4
{[%clk 0:56:44]} fxe4 {[%clk 0:28:17]} 16. Qxe4 {[%clk 0:57:00]} Ra7 {[%clk
0:23:36]} 17. O-O {[%clk 0:51:47]} Raf7 {[%clk 0:21:06]} 18. Rad1 {[%clk
0:49:18]} Qc7 {[%clk 0:10:17]} 19. Bc1 {[%clk 0:40:42]} e5 {[%clk 0:07:45]} 20.
dxe5 {[%clk 0:39:21]} dxe5 {[%clk 0:08:14]} 21. f3 {[%clk 0:35:48]} Bb7 {[%clk
0:05:50]} 22. Qe3 {[%clk 0:34:32]} e4 {[%clk 0:04:07]} 23. f4 {[%clk 0:32:12]}
Rd7 {[%clk 0:03:46]} 24. Bb2 {[%clk 0:26:42]} Rfd8 {[%clk 0:04:13]} 25. Rxd7
{[%clk 0:26:24]} Qxd7 {[%clk 0:04:22]} 26. f5 {[%clk 0:20:25]} Qd2 {[%clk
0:04:51]} 27. Bc1 {[%clk 0:20:09]} Qd4 {[%clk 0:03:19]} 28. Kh2 {[%clk 0:20:02]}
Qxe3 {[%clk 0:02:12]} 29. Bxe3 {[%clk 0:20:25]} Kf7 {[%clk 0:01:34]} 30. g4
{[%clk 0:19:07]} Ba6 {[%clk 0:01:00]} 31. a4 {[%clk 0:17:36]} Bc8 {[%clk
0:00:50]} 32. Kg3 {[%clk 0:17:32]} Rd6 {[%clk 0:00:37]} 33. Kf4 {[%clk 0:16:33]}
Bb7 {[%clk 0:00:34]} 34. Ke5 {[%clk 0:15:41]} Rd8 {[%clk 0:00:36]} 35. h5 {[%clk
0:15:15]} h6 {[%clk 0:00:39]} 36. Rg1 {[%clk 0:10:06]} Ba8 {[%clk 0:00:32]} 37.
g5 {[%clk 0:08:41]} hxg5 {[%clk 0:01:01]} 38. Rxg5 {[%clk 0:08:15]} Bc6 {[%clk
0:00:35]} 39. Rg6 {[%clk 0:07:50]} Re8+ {[%clk 0:00:40]} 40. Kd6 {[%clk 0:36:44]}
Rc8 {[%clk 0:30:50]} 41. Bg5 {[%clk 0:24:38]} Be8 {[%clk 0:12:17]} 42. Kd5 {[%clk
0:19:04]} Kg8 {[%clk 0:05:36]} 43. Rxb6 {[%clk 0:18:15]} e3 {[%clk 0:03:46]} 44.
h6 {[%clk 0:15:20]} Bh5 {[%clk 0:00:36]} 45. Bxe3 {[%clk 0:14:58]} Bxe2 {[%clk
0:00:32]} 46. Rg6 {[%clk 0:13:26]} Bf3+ {[%clk 0:01:00]} 47. Ke5 {[%clk 0:13:06]}
Rc7 {[%clk 0:00:39]} 48. hxg7 {[%clk 0:12:39]} Bd1 {[%clk 0:00:51]} 49. f6 {[%clk
0:09:27]} Kf7 {[%clk 0:00:38]} 1-0

[Event "European Women's Championship"]
[Site "Vysoke Tatry"]
[Date "2018.04.18"]
[Round "10"]
[White "Froewis, Annika"]
[Black "Koloditsova, Renata"]
[Result "1-0"]
[Board "68"]
[WhiteElo "2113"]
[WhiteTitle "WFM"]
[WhiteCountry "AUT"]
[WhiteFideId "1621432"]
[WhiteEloChange "6"]
[BlackElo "1978"]
[BlackCountry "SVK"]
[BlackFideId "14927705"]
[BlackEloChange "-6"]

1. e4 {[%clk 1:30:58]} c6 {[%clk 1:30:49]} 2. d4 {[%clk 1:31:23]} d5 {[%clk
1:31:08]} 3. Nc3 {[%clk 1:31:47]} dxe4 {[%clk 1:31:22]} 4. Nxe4 {[%clk 1:32:11]}
Bf5 {[%clk 1:31:09]} 5. Ng3 {[%clk 1:32:33]} Bg6 {[%clk 1:31:25]} 6. Nh3 {[%clk
1:32:06]} Nf6 {[%clk 1:28:07]} 7. Nf4 {[%clk 1:31:30]} e6 {[%clk 1:24:56]} 8. c3
{[%clk 1:21:37]} Nd5 {[%clk 1:16:56]} 9. Nxg6 {[%clk 1:21:13]} hxg6 {[%clk
1:17:20]} 10. Ne4 {[%clk 1:15:54]} Nd7 {[%clk 1:11:04]} 11. g3 {[%clk 1:13:21]}
Be7 {[%clk 1:09:27]} 12. Bg2 {[%clk 1:12:12]} Qc7 {[%clk 0:59:30]} 13. O-O {[%clk
1:10:02]} O-O {[%clk 0:55:13]} 14. Re1 {[%clk 0:53:01]} Rfd8 {[%clk 0:53:05]} 15.
h4 {[%clk 0:47:08]} N5f6 {[%clk 0:45:09]} 16. Ng5 {[%clk 0:45:43]} Nf8 {[%clk
0:36:30]} 17. Qf3 {[%clk 0:41:30]} Re8 {[%clk 0:32:44]} 18. g4 {[%clk 0:29:26]}
Bd6 {[%clk 0:31:08]} 19. h5 {[%clk 0:25:24]} Nd5 {[%clk 0:23:57]} 20. c4 {[%clk
0:19:22]} Nb4 {[%clk 0:14:38]} 21. Re2 {[%clk 0:17:03]} c5 {[%clk 0:10:50]} 22.
dxc5 {[%clk 0:13:32]} Bh2+ {[%clk 0:09:25]} 23. Kh1 {[%clk 0:13:26]} Rad8 {[%clk
0:09:00]} 24. Be3 {[%clk 0:08:47]} f6 {[%clk 0:05:36]} 25. Qxb7 {[%clk 0:03:35]}
Qxb7 {[%clk 0:03:33]} 26. Bxb7 {[%clk 0:04:02]} Bc7 {[%clk 0:03:58]} 27. Nh3
{[%clk 0:03:52]} e5 {[%clk 0:02:26]} 28. a3 {[%clk 0:03:25]} Nd3 {[%clk 0:02:23]}
29. Bd5+ {[%clk 0:03:19]} Kh8 {[%clk 0:02:34]} 30. hxg6 {[%clk 0:03:09]} Re7
{[%clk 0:01:42]} 31. Kg2 {[%clk 0:01:40]} Nxg6 {[%clk 0:01:15]} 32. Rh1 {[%clk
0:01:59]} Nh4+ {[%clk 0:01:17]} 33. Kf1 {[%clk 0:02:10]} g5 {[%clk 0:01:39]} 34.
Nxg5 {[%clk 0:02:04]} fxg5 {[%clk 0:01:12]} 35. Bxg5 {[%clk 0:02:29]} Rh7 {[%clk
0:00:56]} 36. Bf6+ {[%clk 0:02:46]} 1-0

[Event "European Women's Championship"]
[Site "Vysoke Tatry"]
[Date "2018.04.18"]
[Round "10"]
[White "Kaliadzich, Maryia"]
[Black "Milcova, Zuzana"]
[Result "1-0"]
[Board "69"]
[WhiteElo "2078"]
[WhiteCountry "BLR"]
[WhiteFideId "13500015"]
[WhiteEloChange "9"]
[BlackElo "2033"]
[BlackCountry "SVK"]
[BlackFideId "14920026"]
[BlackEloChange "-9"]

1. d4 {[%clk 1:30:56]} d5 {[%clk 1:30:56]} 2. Nf3 {[%clk 1:31:15]} Nf6 {[%clk
1:31:18]} 3. c4 {[%clk 1:31:40]} c6 {[%clk 1:31:45]} 4. e3 {[%clk 1:32:03]} Bg4
{[%clk 1:31:14]} 5. Nc3 {[%clk 1:32:22]} e6 {[%clk 1:31:10]} 6. Qb3 {[%clk
1:31:58]} Qb6 {[%clk 1:31:08]} 7. Nh4 {[%clk 1:30:52]} Be7 {[%clk 1:28:46]} 8. h3
{[%clk 1:31:04]} Bh5 {[%clk 1:29:05]} 9. g4 {[%clk 1:30:58]} Bg6 {[%clk 1:28:52]}
10. Nxg6 {[%clk 1:30:55]} hxg6 {[%clk 1:29:21]} 11. Bg2 {[%clk 1:31:05]} g5
{[%clk 1:26:15]} 12. Qxb6 {[%clk 1:17:25]} axb6 {[%clk 1:26:44]} 13. e4 {[%clk
1:13:42]} Nxe4 {[%clk 1:19:09]} 14. Nxe4 {[%clk 1:11:10]} dxe4 {[%clk 1:17:44]}
15. Bxe4 {[%clk 1:11:38]} Nd7 {[%clk 0:51:01]} 16. Be3 {[%clk 1:07:14]} Bf6
{[%clk 0:51:15]} 17. Kf1 {[%clk 0:51:45]} g6 {[%clk 0:39:46]} 18. Kg2 {[%clk
0:48:00]} O-O {[%clk 0:29:22]} 19. Rhd1 {[%clk 0:45:35]} Rfe8 {[%clk 0:24:25]}
20. a3 {[%clk 0:42:49]} Ra7 {[%clk 0:23:01]} 21. Rac1 {[%clk 0:27:27]} Ra4 {[%clk
0:18:44]} 22. Rc2 {[%clk 0:26:40]} Kf8 {[%clk 0:15:59]} 23. Bf3 {[%clk 0:26:11]}
e5 {[%clk 0:06:58]} 24. dxe5 {[%clk 0:22:46]} Nxe5 {[%clk 0:07:27]} 25. Be2
{[%clk 0:23:01]} c5 {[%clk 0:04:40]} 26. Rd6 {[%clk 0:15:27]} Bd8 {[%clk
0:04:56]} 27. Rd5 {[%clk 0:15:46]} f6 {[%clk 0:02:39]} 28. Bc1 {[%clk 0:07:08]}
Nc6 {[%clk 0:02:30]} 29. b3 {[%clk 0:07:28]} Ra8 {[%clk 0:02:50]} 30. Rcd2 {[%clk
0:06:20]} Nd4 {[%clk 0:02:41]} 31. Bd1 {[%clk 0:06:49]} Bc7 {[%clk 0:02:20]} 32.
Rd3 {[%clk 0:06:01]} Rad8 {[%clk 0:01:03]} 33. Bf3 {[%clk 0:03:56]} Nxf3 {[%clk
0:01:12]} 34. Kxf3 {[%clk 0:04:12]} Rxd5 {[%clk 0:00:45]} 35. Rxd5 {[%clk
0:03:37]} Be5 {[%clk 0:00:39]} 36. Be3 {[%clk 0:02:58]} Ra8 {[%clk 0:00:40]} 37.
a4 {[%clk 0:03:22]} Ke7 {[%clk 0:00:46]} 38. Bxg5 {[%clk 0:03:40]} Rh8 {[%clk
0:00:55]} 39. Rxe5+ {[%clk 0:04:01]} Kf7 {[%clk 0:00:57]} 40. Rd5 {[%clk
0:34:21]} fxg5 {[%clk 0:31:20]} 41. Kg3 {[%clk 0:34:20]} Re8 {[%clk 0:26:56]} 42.
Rd6 {[%clk 0:33:10]} Re1 {[%clk 0:25:08]} 43. Rxb6 {[%clk 0:33:26]} Rg1+ {[%clk
0:25:34]} 44. Kf3 {[%clk 0:33:36]} Rh1 {[%clk 0:25:56]} 45. Rxb7+ {[%clk
0:33:59]} Kf6 {[%clk 0:26:23]} 46. Kg2 {[%clk 0:34:18]} Rb1 {[%clk 0:26:23]} 47.
Rb5 {[%clk 0:33:50]} Rb2 {[%clk 0:26:40]} 48. a5 {[%clk 0:34:14]} Rb1 {[%clk
0:26:58]} 49. a6 {[%clk 0:34:31]} Ra1 {[%clk 0:26:56]} 50. Rxc5 {[%clk 0:34:47]}
Rxa6 {[%clk 0:27:22]} 51. b4 {[%clk 0:35:12]} Ra4 {[%clk 0:27:17]} 52. b5 {[%clk
0:35:30]} Rb4 {[%clk 0:27:40]} 53. Kf3 {[%clk 0:35:39]} Rb3+ {[%clk 0:28:06]} 54.
Ke4 {[%clk 0:35:55]} Rxh3 {[%clk 0:28:24]} 55. b6 {[%clk 0:36:14]} Rb3 {[%clk
0:28:33]} 56. Rb5 {[%clk 0:36:32]} 1-0

[Event "European Women's Championship"]
[Site "Vysoke Tatry"]
[Date "2018.04.18"]
[Round "10"]
[White "Trisha Kanyamarala"]
[Black "Azimova, Karina"]
[Result "0-1"]
[Board "70"]
[WhiteElo "2031"]
[WhiteCountry "IRL"]
[WhiteFideId "45004722"]
[WhiteEloChange "-9"]
[BlackElo "2069"]
[BlackTitle "WFM"]
[BlackCountry "RUS"]
[BlackFideId "4108310"]
[BlackEloChange "9"]

1. Nf3 {[%clk 1:30:49]} d5 {[%clk 1:30:57]} 2. c4 {[%clk 1:30:59]} e6 {[%clk
1:31:24]} 3. b3 {[%clk 1:30:19]} b6 {[%clk 1:28:00]} 4. Bb2 {[%clk 1:26:48]} Bb7
{[%clk 1:26:49]} 5. e3 {[%clk 1:22:11]} Nf6 {[%clk 1:26:52]} 6. Nc3 {[%clk
1:17:05]} dxc4 {[%clk 1:22:34]} 7. bxc4 {[%clk 1:13:54]} Be7 {[%clk 1:22:29]} 8.
Be2 {[%clk 1:12:25]} O-O {[%clk 1:22:47]} 9. O-O {[%clk 1:11:46]} Nc6 {[%clk
1:15:26]} 10. a3 {[%clk 1:02:22]} Na5 {[%clk 1:15:11]} 11. Qc2 {[%clk 0:55:39]}
c5 {[%clk 0:55:04]} 12. d3 {[%clk 0:51:42]} Nd7 {[%clk 0:52:10]} 13. Rad1 {[%clk
0:48:10]} Bf6 {[%clk 0:49:35]} 14. Nd2 {[%clk 0:36:39]} Qe7 {[%clk 0:45:09]} 15.
Nde4 {[%clk 0:28:54]} Bxe4 {[%clk 0:43:25]} 16. Nxe4 {[%clk 0:28:47]} Bxb2 {[%clk
0:43:46]} 17. Qxb2 {[%clk 0:29:11]} Rac8 {[%clk 0:38:36]} 18. Bf3 {[%clk
0:24:58]} Rfd8 {[%clk 0:37:41]} 19. Rd2 {[%clk 0:19:44]} Nc6 {[%clk 0:37:38]} 20.
Qb5 {[%clk 0:15:51]} Nce5 {[%clk 0:33:30]} 21. Be2 {[%clk 0:15:12]} Nf6 {[%clk
0:32:41]} 22. Nc3 {[%clk 0:12:26]} Qd7 {[%clk 0:28:42]} 23. Rfd1 {[%clk 0:11:19]}
Qxb5 {[%clk 0:26:25]} 24. Nxb5 {[%clk 0:11:19]} Rd7 {[%clk 0:26:06]} 25. Kf1
{[%clk 0:09:25]} Rcd8 {[%clk 0:25:29]} 26. Ke1 {[%clk 0:09:21]} h6 {[%clk
0:23:26]} 27. h3 {[%clk 0:08:22]} g5 {[%clk 0:16:35]} 28. g3 {[%clk 0:06:55]} Kf8
{[%clk 0:13:15]} 29. f4 {[%clk 0:05:00]} Nc6 {[%clk 0:13:02]} 30. Bf3 {[%clk
0:03:56]} Na5 {[%clk 0:13:31]} 31. Ke2 {[%clk 0:02:01]} Ke7 {[%clk 0:12:30]} 32.
e4 {[%clk 0:00:54]} Nb3 {[%clk 0:10:53]} 33. Rc2 {[%clk 0:00:50]} a6 {[%clk
0:11:06]} 34. Rc3 {[%clk 0:00:45]} axb5 {[%clk 0:09:21]} 35. Rxb3 {[%clk
0:01:07]} bxc4 {[%clk 0:09:50]} 36. Rxb6 {[%clk 0:00:56]} cxd3+ {[%clk 0:09:23]}
37. Kd2 {[%clk 0:01:06]} gxf4 {[%clk 0:04:49]} 38. gxf4 {[%clk 0:01:17]} Rd4
{[%clk 0:04:46]} 39. e5 {[%clk 0:01:16]} Nd7 {[%clk 0:04:22]} 40. Rb7 {[%clk
0:31:17]} Rxf4 {[%clk 0:31:18]} 41. Ke3 {[%clk 0:29:49]} Rd4 {[%clk 0:19:07]} 42.
Rxd3 {[%clk 0:28:10]} Rxd3+ {[%clk 0:19:27]} 43. Kxd3 {[%clk 0:28:34]} Kf8 {[%clk
0:19:18]} 44. Ke4 {[%clk 0:27:47]} Kg7 {[%clk 0:14:39]} 45. Rc7 {[%clk 0:17:35]}
Nf8 {[%clk 0:13:08]} 46. Bh5 {[%clk 0:08:56]} Rd4+ {[%clk 0:11:21]} 47. Ke3
{[%clk 0:08:40]} Ng6 {[%clk 0:10:25]} 48. Rxc5 {[%clk 0:04:08]} Ra4 {[%clk
0:10:45]} 49. Bxg6 {[%clk 0:04:06]} Kxg6 {[%clk 0:10:54]} 50. Kf3 {[%clk
0:02:47]} Rxa3+ {[%clk 0:11:17]} 51. Kg2 {[%clk 0:02:41]} Rd3 {[%clk 0:09:54]}
52. Rc1 {[%clk 0:02:29]} Re3 {[%clk 0:09:38]} 53. Rc5 {[%clk 0:02:44]} h5 {[%clk
0:08:46]} 54. Rb5 {[%clk 0:02:41]} Rc3 {[%clk 0:04:15]} 55. Ra5 {[%clk 0:02:45]}
Rc4 {[%clk 0:04:28]} 56. Rb5 {[%clk 0:00:37]} Rf4 {[%clk 0:04:52]} 57. Kg3 {[%clk
0:00:48]} Rf5 {[%clk 0:05:08]} 58. Rc5 {[%clk 0:00:32]} f6 {[%clk 0:05:23]} 59.
Rc6 {[%clk 0:00:35]} Rxe5 {[%clk 0:05:48]} 60. Rd6 {[%clk 0:00:57]} Re4 {[%clk
0:05:48]} 61. Kf3 {[%clk 0:01:20]} f5 {[%clk 0:06:03]} 62. Rd1 {[%clk 0:01:43]}
h4 {[%clk 0:05:46]} 63. Rg1+ {[%clk 0:02:04]} Kf6 {[%clk 0:06:11]} 64. Rg8 {[%clk
0:02:24]} Ke5 {[%clk 0:06:32]} 65. Ra8 {[%clk 0:02:49]} Rd4 {[%clk 0:06:40]} 66.
Ra5+ {[%clk 0:03:06]} Kf6 {[%clk 0:06:59]} 67. Ra6 {[%clk 0:03:32]} Rd3+ {[%clk
0:07:20]} 68. Kg2 {[%clk 0:03:57]} Rg3+ {[%clk 0:07:45]} 69. Kh2 {[%clk 0:04:24]}
f4 {[%clk 0:06:26]} 70. Ra4 {[%clk 0:04:47]} Kf5 {[%clk 0:06:46]} 71. Rb4 {[%clk
0:04:50]} Rg6 {[%clk 0:06:05]} 72. Rb5+ {[%clk 0:05:14]} e5 {[%clk 0:06:27]} 0-1

[Event "European Women's Championship"]
[Site "Vysoke Tatry"]
[Date "2018.04.18"]
[Round "10"]
[White "Palma, Maria"]
[Black "Chan, Naruna"]
[Result "1-0"]
[Board "71"]
[WhiteElo "2060"]
[WhiteTitle "WFM"]
[WhiteCountry "ITA"]
[WhiteFideId "898481"]
[WhiteEloChange "6"]
[BlackElo "1909"]
[BlackCountry "RUS"]
[BlackFideId "24124290"]
[BlackEloChange "-6"]

1. c4 {[%clk 1:30:44]} f5 {[%clk 1:30:52]} 2. g3 {[%clk 1:31:06]} Nf6 {[%clk
1:31:04]} 3. Bg2 {[%clk 1:31:29]} d6 {[%clk 1:31:04]} 4. Nc3 {[%clk 1:31:42]} e5
{[%clk 1:26:48]} 5. e3 {[%clk 1:31:58]} g6 {[%clk 1:26:47]} 6. Nge2 {[%clk
1:32:22]} Bg7 {[%clk 1:27:05]} 7. O-O {[%clk 1:32:31]} O-O {[%clk 1:27:11]} 8. d4
{[%clk 1:32:53]} c6 {[%clk 1:25:33]} 9. b3 {[%clk 1:32:52]} Qc7 {[%clk 1:21:04]}
10. d5 {[%clk 1:32:17]} Rd8 {[%clk 1:11:11]} 11. Ba3 {[%clk 1:30:03]} e4 {[%clk
1:01:41]} 12. Qd2 {[%clk 1:28:27]} c5 {[%clk 0:51:26]} 13. Nf4 {[%clk 1:25:59]}
Na6 {[%clk 0:47:52]} 14. Rad1 {[%clk 1:23:13]} Qe7 {[%clk 0:37:01]} 15. h4 {[%clk
1:14:55]} Ng4 {[%clk 0:36:14]} 16. Bb2 {[%clk 0:56:08]} Ne5 {[%clk 0:36:08]} 17.
a3 {[%clk 0:55:52]} Nc7 {[%clk 0:35:50]} 18. Qe2 {[%clk 0:52:03]} Ne8 {[%clk
0:29:16]} 19. Rb1 {[%clk 0:44:00]} Nf6 {[%clk 0:27:03]} 20. Ba1 {[%clk 0:42:00]}
Nfg4 {[%clk 0:25:51]} 21. b4 {[%clk 0:37:41]} b6 {[%clk 0:23:47]} 22. bxc5 {[%clk
0:37:46]} bxc5 {[%clk 0:22:42]} 23. Nb5 {[%clk 0:37:56]} h6 {[%clk 0:20:27]} 24.
Rfd1 {[%clk 0:28:53]} g5 {[%clk 0:19:25]} 25. hxg5 {[%clk 0:24:12]} hxg5 {[%clk
0:19:54]} 26. Ne6 {[%clk 0:22:54]} Bxe6 {[%clk 0:20:00]} 27. dxe6 {[%clk
0:23:19]} a6 {[%clk 0:20:23]} 28. Nc3 {[%clk 0:23:02]} Qxe6 {[%clk 0:20:28]} 29.
Nxe4 {[%clk 0:15:25]} fxe4 {[%clk 0:19:31]} 30. Bxe4 {[%clk 0:15:51]} Qh6 {[%clk
0:19:20]} 31. f4 {[%clk 0:08:00]} Ra7 {[%clk 0:18:37]} 32. fxe5 {[%clk 0:08:04]}
Qh3 {[%clk 0:13:40]} 33. Qg2 {[%clk 0:06:58]} Qxg2+ {[%clk 0:13:52]} 34. Bxg2
{[%clk 0:07:24]} Bxe5 {[%clk 0:13:23]} 35. Bxe5 {[%clk 0:06:45]} Nxe5 {[%clk
0:13:52]} 36. Rb6 {[%clk 0:06:34]} Kf8 {[%clk 0:10:49]} 37. Bd5 {[%clk 0:05:13]}
Ng4 {[%clk 0:05:03]} 38. e4 {[%clk 0:03:43]} Ke7 {[%clk 0:03:50]} 39. Rf1 {[%clk
0:03:42]} Ne5 {[%clk 0:04:19]} 40. Rf5 {[%clk 0:33:13]} Rh8 {[%clk 0:33:44]} 41.
Kg2 {[%clk 0:30:17]} g4 {[%clk 0:29:46]} 42. Rb1 {[%clk 0:23:04]} Rh7 {[%clk
0:29:27]} 43. Rg5 {[%clk 0:13:09]} Kf6 {[%clk 0:14:38]} 44. Rg8 {[%clk 0:12:48]}
Rag7 {[%clk 0:04:41]} 45. Rxg7 {[%clk 0:10:25]} Kxg7 {[%clk 0:05:06]} 46. Rb6
{[%clk 0:09:40]} Rh6 {[%clk 0:03:24]} 47. Rxa6 {[%clk 0:09:33]} Nf3 {[%clk
0:03:50]} 48. Kf2 {[%clk 0:09:36]} Kf8 {[%clk 0:02:51]} 49. a4 {[%clk 0:08:19]}
Ke7 {[%clk 0:02:23]} 50. Ra8 {[%clk 0:05:14]} Rh2+ {[%clk 0:02:35]} 51. Ke3
{[%clk 0:05:36]} Ra2 {[%clk 0:01:21]} 52. a5 {[%clk 0:03:10]} Kd7 {[%clk
0:00:41]} 53. Kf4 {[%clk 0:02:17]} Ne5 {[%clk 0:01:00]} 54. Ra7+ {[%clk 0:02:42]}
Kc8 {[%clk 0:01:10]} 55. Kf5 {[%clk 0:02:37]} Rh2 {[%clk 0:00:38]} 56. a6 {[%clk
0:02:08]} Ra2 {[%clk 0:00:34]} 57. Ke6 {[%clk 0:02:06]} Kb8 {[%clk 0:00:45]} 58.
Ra8+ {[%clk 0:02:25]} Kc7 {[%clk 0:01:14]} 59. a7 {[%clk 0:01:55]} Nf3 {[%clk
0:00:36]} 60. Rg8 {[%clk 0:01:32]} Rxa7 {[%clk 0:00:45]} 61. Rg7+ {[%clk
0:01:48]} Kb6 {[%clk 0:00:40]} 62. Rxa7 {[%clk 0:02:05]} Kxa7 {[%clk 0:00:34]}
63. Kxd6 {[%clk 0:02:29]} 1-0